| 000 | 00395nam a22001577a 4500 | ||
|---|---|---|---|
| 003 | NUST - PNEC | ||
| 005 | 20170116181146.0 | ||
| 008 | 151012b xxu||||| |||| 00| 0 eng d | ||
| 020 | _a9695032206 | ||
| 040 | _cLIBRARY | ||
| 082 | _a891.439 NAZ | ||
| 100 |
_914990 _aNazeer Ahmed, Deputy |
||
| 245 | _aTaubahtun Nasuh (Urdu) | ||
| 650 |
_914991 _aUrdu Literature _xGeneral |
||
| 942 |
_2ddc _cBK |
||
| 999 |
_c70699 _d70699 |
||